Обучение устной речи на английском языке в вузе: сходства и различия монолога и диалога; Коммуникативные аспекты языка и культуры; Ч. 3

Detalles Bibliográficos
Parent link:Коммуникативные аспекты языка и культуры: сборник материалов XIII Международной научно-практической конференции студентов и молодых ученых, г. Томск, 28-30 мая 2013 г./ Национальный исследовательский Томский политехнический университет (ТПУ), Институт международного образования и языковой коммуникации (ИМОЯК) ; под ред. С. А. Песоцкой.— , 2013
Ч. 3.— 2013.— [С. 37-38]
Autor principal: Соатов Д. М.
Autor Corporativo: Национальный исследовательский Томский политехнический университет (ТПУ) Институт физики высоких технологий (ИФВТ) Кафедра иностранных языков Института физики высоких технологий (ИЯФВТ)
Otros Autores: Сунцова Е. Н. Евгения Николаевна (научный руководитель)
Sumario:Заглавие с титульного экрана
Lenguaje:ruso
Publicado: 2013
Colección:Методические аспекты преподавания иностранных языков: от мотивации к компетенциям
Materias:
Acceso en línea:http://www.lib.tpu.ru/fulltext/c/2013/C77/V3/016.pdf
Formato: Electrónico Capítulo de libro
KOHA link:https://koha.lib.tpu.ru/cgi-bin/koha/opac-detail.pl?biblionumber=607625

MARC

LEADER 00000naa2a2200000 4500
001 607625
005 20260311145142.0
035 |a (RuTPU)RU\TPU\conf\5031 
035 |a RU\TPU\conf\5030 
090 |a 607625 
100 |a 20140807d2013 k y0rusy50 ca 
101 0 |a rus 
102 |a RU 
135 |a drcn ---uucaa 
181 0 |a i  
182 0 |a b 
200 1 |a Обучение устной речи на английском языке в вузе: сходства и различия монолога и диалога  |f Д. М. Соатов  |g науч. рук. Е. Н. Сунцова 
203 |a Текст  |c электронный 
225 1 |a Методические аспекты преподавания иностранных языков: от мотивации к компетенциям 
300 |a Заглавие с титульного экрана 
320 |a [Библиогр.: с. 38 (1 назв.)] 
337 |a Adobe Reader 
461 1 |0 (RuTPU)RU\TPU\conf\4568  |t Коммуникативные аспекты языка и культуры  |o сборник материалов XIII Международной научно-практической конференции студентов и молодых ученых, г. Томск, 28-30 мая 2013 г.  |o в 3 ч.  |f Национальный исследовательский Томский политехнический университет (ТПУ), Институт международного образования и языковой коммуникации (ИМОЯК) ; под ред. С. А. Песоцкой  |d 2013 
463 0 |0 (RuTPU)RU\TPU\conf\4573  |t Ч. 3  |v [С. 37-38]  |d 2013 
610 1 |a труды учёных ТПУ 
610 1 |a электронный ресурс 
610 1 |a обучение 
610 1 |a английский язык 
610 1 |a устная речь 
610 1 |a вузы 
610 1 |a монолог 
610 1 |a диалог 
700 1 |a Соатов  |b Д. М. 
702 1 |a Сунцова  |b Е. Н.  |c лингвист  |c доцент Томского политехнического университета, кандидат педагогических наук  |f 1975-  |g Евгения Николаевна  |4 727 
712 0 2 |a Национальный исследовательский Томский политехнический университет (ТПУ)  |b Институт физики высоких технологий (ИФВТ)  |b Кафедра иностранных языков Института физики высоких технологий (ИЯФВТ)  |3 (RuTPU)RU\TPU\col\18696 
801 2 |a RU  |b 63413507  |c 20140807  |g RCR 
856 4 |u http://www.lib.tpu.ru/fulltext/c/2013/C77/V3/016.pdf 
942 |c BK